Flow modeling of ghazi barotha power channel using hec-ras 4.0 (Record no. 551140)

000 -LEADER
fixed length control field 00400nam a22001457a 4500
082 ## - DEWEY DECIMAL CLASSIFICATION NUMBER
Classification number P-409
100 ## - MAIN ENTRY--PERSONAL NAME
Personal name Zaheer Abbas Lali
9 (RLIN) 48103
245 ## - TITLE STATEMENT
Title Flow modeling of ghazi barotha power channel using hec-ras 4.0
Statement of responsibility, etc. Zaheer Abbas Lali, Moeen Ud Din
260 ## - PUBLICATION, DISTRIBUTION, ETC.
Place of publication, distribution, etc. MCE
Date of publication, distribution, etc. 2009
300 ## - PHYSICAL DESCRIPTION
Extent 148 p.
526 ## - STUDY PROGRAM INFORMATION NOTE
Program name 0
Interest level 0
Reading level 0
Title point value P_409
650 ## - SUBJECT ADDED ENTRY--TOPICAL TERM
Topical term or geographic name entry element Project
700 ## - ADDED ENTRY--PERSONAL NAME
Personal name Dr Sajjad Haider
9 (RLIN) 16307
942 ## - ADDED ENTRY ELEMENTS (KOHA)
Source of classification or shelving scheme
Koha item type Book
Holdings
Withdrawn status Lost status Source of classification or shelving scheme Damaged status Not for loan Permanent Location Current Location Date acquired Total Checkouts Full call number Barcode Date last seen Date last checked out Price effective from Koha item type Public note
          Military College of Engineering (MCE) Military College of Engineering (MCE) 12/03/2014 1 P-409 MCE-P-409 04/08/2019 03/26/2019 12/03/2014 Book Project
© 2023 Central Library, National University of Sciences and Technology. All Rights Reserved.